<?xml version="1.0" encoding="UTF-8"?>
<record
    xmlns:xsi="http://www.w3.org/2001/XMLSchema-instance"
    xsi:schemaLocation="http://www.loc.gov/MARC21/slim http://www.loc.gov/standards/marcxml/schema/MARC21slim.xsd"
    xmlns="http://www.loc.gov/MARC21/slim">

  <leader>00344nam a2200145Ia 4500</leader>
  <controlfield tag="008">191201s2001    xx            000 0 und d</controlfield>
  <datafield tag="082" ind1=" " ind2=" ">
    <subfield code="a">620.1</subfield>
    <subfield code="b">PUM</subfield>
  </datafield>
  <datafield tag="100" ind1=" " ind2=" ">
    <subfield code="a">PUNMIA, B.C</subfield>
  </datafield>
  <datafield tag="245" ind1=" " ind2="0">
    <subfield code="a">Mechanics of Materials</subfield>
  </datafield>
  <datafield tag="250" ind1=" " ind2=" ">
    <subfield code="a">Rep</subfield>
  </datafield>
  <datafield tag="260" ind1=" " ind2=" ">
    <subfield code="a">N.Delhi</subfield>
    <subfield code="b">Laxmi Publications</subfield>
    <subfield code="c">2001</subfield>
  </datafield>
  <datafield tag="300" ind1=" " ind2=" ">
    <subfield code="a">952</subfield>
  </datafield>
  <datafield tag="650" ind1=" " ind2=" ">
    <subfield code="a">B.Tech(ME)</subfield>
  </datafield>
  <datafield tag="942" ind1=" " ind2=" ">
    <subfield code="2">ddc</subfield>
    <subfield code="c">BK</subfield>
    <subfield code="0">3</subfield>
  </datafield>
  <datafield tag="999" ind1=" " ind2=" ">
    <subfield code="c">5206</subfield>
    <subfield code="d">5206</subfield>
  </datafield>
  <datafield tag="952" ind1=" " ind2=" ">
    <subfield code="0">0</subfield>
    <subfield code="1">0</subfield>
    <subfield code="2">ddc</subfield>
    <subfield code="4">0</subfield>
    <subfield code="7">0</subfield>
    <subfield code="8">BTECHME</subfield>
    <subfield code="a">PIET</subfield>
    <subfield code="b">PIET</subfield>
    <subfield code="d">2012-03-16</subfield>
    <subfield code="e">IBH, New Delhi</subfield>
    <subfield code="g">580.00</subfield>
    <subfield code="k">20219</subfield>
    <subfield code="l">2</subfield>
    <subfield code="o">620.1 PUM</subfield>
    <subfield code="p">19155</subfield>
    <subfield code="q">2021-10-14</subfield>
    <subfield code="r">2021-04-17 00:00:00</subfield>
    <subfield code="s">2021-04-17</subfield>
    <subfield code="w">2012-03-13</subfield>
    <subfield code="y">BK</subfield>
  </datafield>
  <datafield tag="952" ind1=" " ind2=" ">
    <subfield code="0">0</subfield>
    <subfield code="1">0</subfield>
    <subfield code="2">ddc</subfield>
    <subfield code="4">0</subfield>
    <subfield code="7">0</subfield>
    <subfield code="8">BTECHME</subfield>
    <subfield code="a">PIET</subfield>
    <subfield code="b">PIET</subfield>
    <subfield code="d">2012-03-16</subfield>
    <subfield code="e">IBH, New Delhi</subfield>
    <subfield code="g">580.00</subfield>
    <subfield code="k">20219</subfield>
    <subfield code="l">1</subfield>
    <subfield code="o">620.1 PUM</subfield>
    <subfield code="p">19156</subfield>
    <subfield code="r">2024-11-06 00:00:00</subfield>
    <subfield code="s">2024-10-23</subfield>
    <subfield code="w">2012-03-13</subfield>
    <subfield code="y">BK</subfield>
  </datafield>
  <datafield tag="952" ind1=" " ind2=" ">
    <subfield code="0">0</subfield>
    <subfield code="1">0</subfield>
    <subfield code="2">ddc</subfield>
    <subfield code="4">0</subfield>
    <subfield code="7">0</subfield>
    <subfield code="8">BTECHME</subfield>
    <subfield code="a">PIET</subfield>
    <subfield code="b">PIET</subfield>
    <subfield code="d">2012-03-16</subfield>
    <subfield code="e">IBH, New Delhi</subfield>
    <subfield code="g">580.00</subfield>
    <subfield code="k">20219</subfield>
    <subfield code="l">0</subfield>
    <subfield code="o">620.1 PUM</subfield>
    <subfield code="p">19157</subfield>
    <subfield code="r">2019-12-04 00:00:00</subfield>
    <subfield code="w">2012-03-13</subfield>
    <subfield code="y">BK</subfield>
  </datafield>
  <datafield tag="952" ind1=" " ind2=" ">
    <subfield code="0">0</subfield>
    <subfield code="1">0</subfield>
    <subfield code="2">ddc</subfield>
    <subfield code="4">0</subfield>
    <subfield code="7">0</subfield>
    <subfield code="8">BTECHME</subfield>
    <subfield code="a">PIET</subfield>
    <subfield code="b">PIET</subfield>
    <subfield code="d">2012-03-16</subfield>
    <subfield code="e">IBH, New Delhi</subfield>
    <subfield code="g">580.00</subfield>
    <subfield code="k">20219</subfield>
    <subfield code="l">0</subfield>
    <subfield code="o">620.1 PUM</subfield>
    <subfield code="p">19158</subfield>
    <subfield code="r">2019-12-04 00:00:00</subfield>
    <subfield code="w">2012-03-13</subfield>
    <subfield code="y">BK</subfield>
  </datafield>
  <datafield tag="952" ind1=" " ind2=" ">
    <subfield code="0">0</subfield>
    <subfield code="1">0</subfield>
    <subfield code="2">ddc</subfield>
    <subfield code="4">0</subfield>
    <subfield code="7">0</subfield>
    <subfield code="8">BTECHME</subfield>
    <subfield code="a">PIET</subfield>
    <subfield code="b">PIET</subfield>
    <subfield code="d">2012-03-16</subfield>
    <subfield code="e">IBH, New Delhi</subfield>
    <subfield code="g">580.00</subfield>
    <subfield code="k">20219</subfield>
    <subfield code="l">1</subfield>
    <subfield code="o">620.1 PUM</subfield>
    <subfield code="p">19159</subfield>
    <subfield code="r">2020-02-19 00:00:00</subfield>
    <subfield code="s">2020-02-19</subfield>
    <subfield code="w">2012-03-13</subfield>
    <subfield code="y">BK</subfield>
  </datafield>
  <datafield tag="952" ind1=" " ind2=" ">
    <subfield code="0">0</subfield>
    <subfield code="1">0</subfield>
    <subfield code="2">ddc</subfield>
    <subfield code="4">0</subfield>
    <subfield code="7">0</subfield>
    <subfield code="8">BTECHCE</subfield>
    <subfield code="a">PIET</subfield>
    <subfield code="b">PIET</subfield>
    <subfield code="d">2012-07-06</subfield>
    <subfield code="e">IBH, New Delhi</subfield>
    <subfield code="g">580.00</subfield>
    <subfield code="k">4873</subfield>
    <subfield code="l">0</subfield>
    <subfield code="o">620.1 PUM</subfield>
    <subfield code="p">19520</subfield>
    <subfield code="r">2019-12-04 00:00:00</subfield>
    <subfield code="w">2012-07-03</subfield>
    <subfield code="y">BK</subfield>
  </datafield>
  <datafield tag="952" ind1=" " ind2=" ">
    <subfield code="0">0</subfield>
    <subfield code="1">0</subfield>
    <subfield code="2">ddc</subfield>
    <subfield code="4">0</subfield>
    <subfield code="7">0</subfield>
    <subfield code="8">BTECHCE</subfield>
    <subfield code="a">PIET</subfield>
    <subfield code="b">PIET</subfield>
    <subfield code="d">2012-07-06</subfield>
    <subfield code="e">IBH, New Delhi</subfield>
    <subfield code="g">580.00</subfield>
    <subfield code="k">4873</subfield>
    <subfield code="l">0</subfield>
    <subfield code="o">620.1 PUM</subfield>
    <subfield code="p">19521</subfield>
    <subfield code="r">2019-12-04 00:00:00</subfield>
    <subfield code="w">2012-07-03</subfield>
    <subfield code="y">BK</subfield>
  </datafield>
  <datafield tag="952" ind1=" " ind2=" ">
    <subfield code="0">0</subfield>
    <subfield code="1">0</subfield>
    <subfield code="2">ddc</subfield>
    <subfield code="4">0</subfield>
    <subfield code="7">0</subfield>
    <subfield code="8">BTECHCE</subfield>
    <subfield code="a">PIET</subfield>
    <subfield code="b">PIET</subfield>
    <subfield code="d">2012-07-06</subfield>
    <subfield code="e">IBH, New Delhi</subfield>
    <subfield code="g">580.00</subfield>
    <subfield code="k">4873</subfield>
    <subfield code="l">0</subfield>
    <subfield code="o">620.1 PUM</subfield>
    <subfield code="p">19522</subfield>
    <subfield code="r">2019-12-04 00:00:00</subfield>
    <subfield code="w">2012-07-03</subfield>
    <subfield code="y">BK</subfield>
  </datafield>
  <datafield tag="952" ind1=" " ind2=" ">
    <subfield code="0">0</subfield>
    <subfield code="1">0</subfield>
    <subfield code="2">ddc</subfield>
    <subfield code="4">0</subfield>
    <subfield code="7">0</subfield>
    <subfield code="8">BTECHCE</subfield>
    <subfield code="a">PIET</subfield>
    <subfield code="b">PIET</subfield>
    <subfield code="d">2012-07-06</subfield>
    <subfield code="e">IBH, New Delhi</subfield>
    <subfield code="g">580.00</subfield>
    <subfield code="k">4873</subfield>
    <subfield code="l">0</subfield>
    <subfield code="o">620.1 PUM</subfield>
    <subfield code="p">19523</subfield>
    <subfield code="r">2019-12-04 00:00:00</subfield>
    <subfield code="w">2012-07-03</subfield>
    <subfield code="y">BK</subfield>
  </datafield>
  <datafield tag="952" ind1=" " ind2=" ">
    <subfield code="0">0</subfield>
    <subfield code="1">0</subfield>
    <subfield code="2">ddc</subfield>
    <subfield code="4">0</subfield>
    <subfield code="7">0</subfield>
    <subfield code="8">BTECHCE</subfield>
    <subfield code="a">PIET</subfield>
    <subfield code="b">PIET</subfield>
    <subfield code="d">2012-07-06</subfield>
    <subfield code="e">IBH, New Delhi</subfield>
    <subfield code="g">580.00</subfield>
    <subfield code="k">4873</subfield>
    <subfield code="l">1</subfield>
    <subfield code="o">620.1 PUM</subfield>
    <subfield code="p">19524</subfield>
    <subfield code="r">2026-04-13 15:36:32</subfield>
    <subfield code="s">2026-04-13</subfield>
    <subfield code="w">2012-07-03</subfield>
    <subfield code="y">BK</subfield>
  </datafield>
</record>
